Normal view
MARC view
Entry Nombre personal
001 - NÚMERO DE CONTROL
- campo de control: 1084
003 - IDENTIFICADOR DE NÚMERO DE CONTROL
- campo de control: DLC
005 - FECHA Y HORA DE LA ÚLTIMA TRANSACCIÓN
- campo de control: 20260421135828.0
008 - ELEMENTOS DE DATO DE LONGITUD-FIJA
- campo de control de longitud fija: 120809n| acannaabn |n aaa
010 ## - NÚMERO DE CONTROL DE LA BIBLIOTECA DEL CONGRESO
- Número de control de LC: no2012107682
035 ## - NÚMERO DE CONTROL DEL SISTEMA
- Número de control de sistema: (OCoLC)oca09272939
040 ## - FUENTE DE CATALOGACIÓN
- Centro catalogador/agencia de origen: Nz
- Lengua de catalogación: eng
- Centro/agencia transcriptor: Nz
100 1# - ENCABEZAMIENTO-NOMBRE DE PERSONA
- Nombre de persona: Keating, Mark,
- Fechas asociadas al nombre: 1967-
670 ## - FUENTE DE DATOS ENCONTRADOS
- Cita de la fuente: Tax disputes in New Zealand, 2012:
- Información encontrada: CIP t.p. (Mark Keating)
670 ## - FUENTE DE DATOS ENCONTRADOS
- Cita de la fuente: Email from publisher, July 10, 2012
- Información encontrada: (b. Nov. 16, 1967)